000 003740000a22001210004500
090 _aAS
_bSeriadas
245 1 0 _aPresencia de Trigonobalanus excelsa en la cordillera occidental
041 0 _aEspañol
700 1 _aAlvarez López, Humberto
_912714
100 1 _aHeredia Flores, María Dolores
_999214
942 _cARTICULO
773 1 _tCespedesia
_3124
_h37-38
_q181-188
_d1981
_g10
999 _c15036
_d15036